Southville International School and Colleges
Your cart is empty.
  • Cart
  • Lists
    Public lists Eva Luna New books Lux_list list_1
    Your lists Log in to create your own lists
  • Log in to your account
  • Your cookies
  • Search history
Southville International School and Colleges
  • Advanced search
  • Recent comments
  • Most popular
  • Libraries

Log in to your account

Log in with GOOGLE


If you do not have an external account, but do have a local account, you can still log in:

  1. Home
  2. MARC view: Dictionary of business and management /
Normal view MARC view ISBD view

Dictionary of business and management / (Record no. 21771)

[ view plain ]
MARC details
000 -LEADER
fixed length control field 00510nam a2200181 a 4500
005 - DATE AND TIME OF LATEST TRANSACTION
control field 20140310183339.0
008 - FIXED-LENGTH DATA ELEMENTS--GENERAL INFORMATION
fixed length control field 061115s19uu xx 00 eng d
020 ## - INTERNATIONAL STANDARD BOOK NUMBER
International Standard Book Number 0747572003
050 ## - LIBRARY OF CONGRESS CALL NUMBER
Classification number HF 1001
Item number .C486 2004
100 ## - MAIN ENTRY--PERSONAL NAME
Personal name The Chartered Management Institute
245 ## - TITLE STATEMENT
Title Dictionary of business and management /
260 ## - PUBLICATION, DISTRIBUTION, ETC. (IMPRINT)
Place of publication, distribution, etc U.S.A :
Name of publisher, distributor, etc Bloomsbury,
Date of publication, distribution, etc 2004.
300 ## - PHYSICAL DESCRIPTION
Extent 458 p. :
Dimensions 24 cm.
650 ## - SUBJECT ADDED ENTRY--TOPICAL TERM
Topical term or geographic name as entry element Business
General subdivision Dictionaries.
650 ## - SUBJECT ADDED ENTRY--TOPICAL TERM
Topical term or geographic name as entry element Finance
General subdivision Dictionaries.
942 ## - ADDED ENTRY ELEMENTS (KOHA)
Koha item type Books
Source of classification or shelving scheme Library of Congress Classification
Holdings
Withdrawn status Lost status Source of classification or shelving scheme Damaged status Home library Current library Shelving location Date acquired Source of acquisition Cost, normal purchase price Total Checkouts Full call number Barcode Date last seen Price effective from Koha item type
    Library of Congress Classification   College Library College Library Reference Section 11/15/2006   755.00   HF 1001 .C486 2004 C7874 05/15/2018 11/14/2013 Books

Dictionary of business and management /

APA

The Chartered Management Institute, . (2004). Dictionary of business and management. U.S.A: Bloomsbury.

Chicago

The Chartered Management Institute, . 2004. Dictionary of business and management. U.S.A: Bloomsbury.

Harvard

The Chartered Management Institute, . (2004). Dictionary of business and management. U.S.A: Bloomsbury.

MLA

The Chartered Management Institute, . Dictionary of business and management. U.S.A: Bloomsbury. 2004.

  • Place hold
  • Print
  • Cite
  • Add to your cart (remove)
  • Save record
    BIBTEX Dublin Core MARCXML MARC (non-Unicode/MARC-8) MARC (Unicode/UTF-8) MARC (Unicode/UTF-8, Standard) MODS (XML) RIS
  • More searches
    Search for this title in:
    Other Libraries (WorldCat) Other Databases (Google Scholar) Online Stores (Bookfinder.com) Open Library (openlibrary.org)

Exporting to Dublin Core...

SOUTHVILLE LIBRARY

Southville International School and Colleges Library

1281 Tropical Ave. Cor. Luxembourg St., BF Homes International, Las Pinas City

Tel. No. 8256374 / 252358 Loc. 117/146

Powered by Koha